O meu pe de laranja lima (Registo nº 6129)

Detalhes MARC
000 -Etiqueta do registo
Valores 00666nam a2200229 4500
010 ## - Número ISBN
ISBN 9789898491886
021 ## - Número do Depósito Legal
Número 401828/15
100 ## - Dados gerais de processamento
Dados gerais 20170530d2017 d y0pory50030103ba
200 1# - Titulo e menção de responsabilidade
Título próprio O meu pe de laranja lima
Primeira menção de responsabilidade Jose Mauro de Vasconcelos
205 ## - Menção da edição
Edição 17ª ed
210 #9 - Publicação
Local de publicação Amadora
Nome do editor Fábula
Data de publicação 2019
215 ## - Descrição física 
Paginação / Volumes 207, [11] p.
Outras indicações físicas il.
Dimensões 20 cm
225 2# - Colecção 
Título próprio da colecção Obras de Jose Mauro de Vasconcelos
Indicação de volume 1
675 ## - CDU
Notação 087.5
Edição BN
Língua por
675 ## - CDU
Notação 821.134.3(81)-93
Edição PT
Língua por
675 ## - CDU
Notação 821.134.3(81)-31
Edição PT
Língua por
700 #1 - Autor principal (pessoa individual)
Apelido Vasconcelos,
Nome José Mauro de,
Datas 1920-1984
801 #0 - Fonte de origem
País PT
Agência BMVN
Regras de catalogação RPC
830 ## - Notas gerais do catalogador
Criado por Silvia Neutel
Data de criação 25/02/2026
990 ## - Elementos KOHA
Tipo de documento Livro
Exemplares
Situação do levantamento Biblioteca de origem Código de barras Cota Permissão de empréstimo Forma de aquisição
  Biblioteca Escola Secundária de Vendas Novas 200000003363 LJ POR/VAS    
  Biblioteca Escola Secundária de Vendas Novas 200000003364 LJ POR/VAS    
  Biblioteca Escola Secundária de Vendas Novas 200000003365 LJ POR/VAS    
  Biblioteca Escola Secundária de Vendas Novas 200000003366 LJ POR/VAS    
  Biblioteca Escola Secundária de Vendas Novas 200000003367 LJ POR/VAS    
  Biblioteca Escola Secundária de Vendas Novas 200000003368 LJ POR/VAS    

Powered by Koha